000 00718nam a2200193Ii 4500
003 JO-AjNU
008 230605s9999||||xx |||||||||||||| ||und||
040 _aJO-AjNU
_bara
_erda
_cJO-AjNU
041 _aara
050 1 4 _aRA418.R3734 1989
100 3 _aرشوان، حسن عبدالحميد,
_eauthor
_945871
245 0 0 _aدور المتغيرات الاجتماعية في الطب والامراض: دراسة علم الاجتماع الطبي
264 3 1 _aالاسكندرية:المكتب الجامعي الحديث ، 1989
300 _a372ص
336 _atext
_btxt
_2rdacontent
337 _aunmediated
_bn
_2rdamedia
338 _avolume
_bnc
_2rdacarrier
650 4 _aالادويه-تسويق
_945872
999 _aA19915
_c23483
_d23483